000 00673nam a2200241Ia 4500
003 OSt
005 20220916110942.0
006 a|||||r|||| 00| 0
007 ta
008 220915b |||||||| |||| 00| 0 eng d
024 _a28400
037 _cTextbook
040 _beng
_aARTS
_cARTS
041 _aeng
082 _aO111,1M12:gx, K8 (EO)
100 _aTracy Clarence Ed.
245 0 _aBrowing's mind and art : a collection of essays
260 _aLondon
_bOliver and Boyd UK
300 _avii,224p.
_ccm.
650 _aENGLISH LITERATURE
942 _hO111,1M12:gx, K8 (EO)
_cTB
_2CC
999 _c102120
_d102120